00932nam a2200253 a 450000100060000000300080000600500170001400800410003103500190007204000470009104100080013808200240014611000440017024501460021426000260036030000190038649000420040549000310044765000480047865000470052670000320057383000420060583000310064719450BD-RjUL20211209000432.0700821s1951 fr b 001 0 eng c a(BD-RjUL)19510 aYale Univ. LibrarycDLCdDLCdBD-RjULbeng aeng00a016.3223bUNS 19512 aUnesco.bDepartment of Social Sciences.12aA selected inventory of periodical publications.cprepared by Unesco. Department of Social Sciences ; with the collaboration of Jean Meyriat. aParis:bUnesco,c1951 a129 p.c22 cm.1 aBibliographies in the social sciences1 aUnesco publication ;v798. 0aSocial sciencesxPeriodicalsxBibliography. 0aSocial sciencesxAbstracting and indexing. aMeyriat, Jean, collaborator 0aBibliographies in the social sciences 0aUnesco publication ;v798.